| 000 | 00985cam a2200265Ia 4500 | ||
|---|---|---|---|
| 040 | _cEXC | ||
| 082 | _a808 GLE 1996 A112 Or. | ||
| 100 | 1 | _aRoyster, Jacqueline Jones | |
| 245 | 1 | 0 |
_aWriter's choice : _bcomposition and grammar / |
| 246 | 1 | 4 | _aWriter's choice, grammar and composition |
| 250 | _aTeacher's wraparound ed | ||
| 260 |
_aNew York : _bGlenco/McGraw-Hill, _cc1996 |
||
| 300 |
_a7 v. : _bill. ; _c29 cm. + _e1 Teacher's resource pkg. (grade 6), 1 Teacher's resource pkg. (grade 6-8), 1 grammar workbook-Teacher's edition |
||
| 500 | _aIncludes indexes | ||
| 500 | _aTitle on title page for vols. 9-10: Writer's choice, grammar and composition | ||
| 500 | _aConsulting author for composition, vols. 9-12: William Strong | ||
| 500 | _aK-12 textbooks | ||
| 650 | 0 | _aComposition (Language arts) | |
| 650 | 0 | _aEnglish language | |
| 650 | 0 | _aEnglish language | |
| 700 | 1 | _aLester, Mark | |
| 700 | 1 | _aStrong, William, | |
| 710 | 2 | _aGlencoe/McGraw-Hill | |
| 942 | _cEK | ||
| 999 |
_c16615 _d16615 |
||